Vista normal Vista MARC

Entrada Topical Term

Número de registros utilizados en: 2

001 - CONTROL NUMBER

  • control field: 8624

003 - CONTROL NUMBER IDENTIFIER

  • control field: OSt

005 - DATE AND TIME OF LATEST TRANSACTION

  • control field: 20200811180409.0

008 - FIXED-LENGTH DATA ELEMENTS

  • fixed length control field: 200811|| aca||aabn | a|a d

040 ## - CATALOGING SOURCE

  • Original cataloging agency: OSt
  • Transcribing agency: OSt

150 ## - HEADING--TOPICAL TERM

  • Topical term or geographic name entry element: Procedimiento administrativo
  • General subdivision: legislación
  • Geographic subdivision: Colombia

670 ## - SOURCE DATA FOUND

  • Source citation: Work cat.: (OSt)3734: Colombia. Ministerio de Hacienda y Crédito Público 7620, Regimen administrativo disciplinario del Ministerio de Hacienda y Crédito Público y de sus organismos adscritos / , ©1990